000 00603nam a2200133Ia 4500
008 171212s9999 xx 000 0 und d
020 _a9780833076410
100 _aPeltz, Eric;Robbins, Marc
245 _cPeltz, Eric;Robbins, Marc
_aIntegrating the Department of Defense Supply Chain
260 _bRAND Corporation
_c2012
650 _aHistory
650 _aUnited States -- Armed Forces -- Supplies and stores; Logistics -- United States; United States. Defense Logistics Agency; United States. Dept. of Defense -- Rules and practice -- Evaluation
856 _uwww.jstor.org/stable/10.7249/j.ctt1q60t9
999 _c352231
_d352231